Представление документа в формате RUSMARC

ПолеНазваниеЗначение
  Тип записи a
  Библиографический уровень a
001 Контрольный номер RU/CBS_UL/BASE/54f1a3651e3a4fd592d5e933d554e6d1
005 Дата корректировки 20260415132222.4
100 Данные общей обработки __
a Данные общей обработки 20260415 ||| 0rusy0189 ca
101 Язык документа 0_
a Язык текста rus
102 Страна публикации __
a Страна публикации RU
200 Заглавие и сведения об ответственности 1_
a Заглавие На зимнее время
e Сведения, относящиеся к заглавию [тестирование автомобиля Belgee S50 в зимних условиях]
f Первые сведения об ответственности М. Сачков
300 Общие примечания __
a Общие примечания 16+
461 Уровень набора _0
1 2000
a За рулем
463 Уровень физической единицы _0
1 2000
a № 3
v С. 72 : фото
1 2101
d 2026
1 001RU/CBS_UL/BASE/0a9ad0c78bfa46c6a70124265e83ce14
606 Тематические рубрики 0_
a Основная рубрика Belgee S50, легковые автомобили
610 Ключевые слова 0_
a Ключевые слова автомобили
610 Ключевые слова 0_
a Ключевые слова легковые автомобили
610 Ключевые слова 0_
a Ключевые слова автомобили легковые
610 Ключевые слова 0_
a Ключевые слова тестирование автомобилей
610 Ключевые слова 0_
a Ключевые слова испытания автомобилей
610 Ключевые слова 0_
a Ключевые слова эксплуатация автомобилей в зимнее время
610 Ключевые слова 0_
a Ключевые слова Belgee S50 (автомобили)
610 Ключевые слова 0_
a Ключевые слова Белджи S50 (автомобили)
686 Индексы других классификаций __
2 Код системы rubbk
a Классификационный индекс 39.335.52
700 Автор _1
a Фамилия Сачков
b Имя (инициалы) М.
801 Источник записи _0
a Страна RU
b Организация МБУК ЦБС г. Ульяновска
c Дата составления 20260415
g Правила каталогизации RCR
801 Источник записи _1
a Страна RU
b Организация МБУК ЦБС г. Ульяновска
c Дата составления 20260415
g Правила каталогизации RCR
901 Тип документа __
t Тип документа b
w Контрольный № источника RU/CBS_UL/BASE/0a9ad0c78bfa46c6a70124265e83ce14
909 Создатель записи __
a Создатель записи lib2